[Event "16th ORDIX Open"]
[Site "Mainz GER"]
[Date "2009.08.02"]
[Round "10"]
[White "Nakamura,Hi"]
[Black "Mamedyarov,S"]
[Result "0-1"]
[WhiteElo "2710"]
[BlackElo "2717"]

1.c4 Nf6 2.Nc3 d5 3.cxd5 Nxd5 4.g3 g6 5.Bg2 Nb6 6.d3 Bg7 7.Be3 Nc6 8.Bxc6+ bxc6
9.Rc1 Bg4 10.Qd2 h5 11.h3 Bf5 12.Nf3 Qd7 13.h4 Bg4 14.Ng5 Nd5 15.Na4 Nxe3
16.Qxe3 O-O 17.Qe4 Qd5 18.b3 Qa5+ 19.Kf1 Qd2 20.Rxc6 Qxa2 21.Nc5 Rac8 22.Nf3 Rfd8
23.Nb7 Re8 24.Qc4 Rb8 25.Nc5 Rb6 26.Rxc7 Rf6 27.Ng1 a5 28.Qa4 Qxa4 29.bxa4 Rb6
30.Ra7 Bd4 31.Rxa5 Rc8 32.Ne4 Rc1+ 33.Kg2 Rbb1 34.Rd5 Ba7 35.Ra5 Bd4 36.Rb5 Ra1
37.Rb4 Be5 38.Nd2 Bxe2 39.Re4 Bxd3 40.Rxe5 Rd1 41.Ndf3 e6 42.g4 hxg4 43.Nh2 g3
44.fxg3 Ra2+ 45.Kh3 Rxa4 46.Nhf3 Bf1+ 47.Kh2 Ra2+ 48.Ne2 Bxe2  0-1

[Event "3rd NH Chess Tournament"]
[Site "Amsterdam NED"]
[Date "2009.08.20"]
[Round "1"]
[White "Ljubojevic,L"]
[Black "Nakamura,Hi"]
[Result "1/2-1/2"]
[WhiteElo "2553"]
[BlackElo "2710"]

1.d4 f5 2.g3 Nf6 3.Bg2 g6 4.c4 Bg7 5.Nc3 O-O 6.Rb1 Nc6 7.d5 Ne5 8.b3 d6 9.Nh3 Nh5
10.Qd2 Bd7 11.Bb2 c6 12.dxc6 bxc6 13.c5 dxc5 14.Na4 c4 15.Nc5 Bc8 16.f4 Qxd2+
17.Kxd2 Rd8+ 18.Kc1 Ng4 19.Bxc6 Rb8 20.bxc4 Rb6 21.Bb5 Bh6 22.Bc3 e5 23.Ba5 exf4
24.gxf4 Nxf4 25.Nxf4 Bxf4+ 26.Kb2 Re8 27.Bxb6 Rxe2+ 28.Ka3 axb6 29.Rbe1 Rxe1
30.Rxe1 Ne3 31.Nd3 Nc2+ 32.Kb3 Nxe1 33.Nxf4 Bb7 34.Nd5 Bxd5 35.cxd5 Kf7 36.d6 Nf3
37.Bc4+ Ke8 38.Bb5+ Kf7 39.Bc4+ Kf6 40.Bd5 Ne5 41.Kb4 Nd7 42.Bg8 f4 43.Kb5 f3
44.Bd5 f2 45.Bg2 Ke6 46.Kc6 Ne5+ 47.Kc7 g5 48.a4 h5 49.h3 g4 50.hxg4 hxg4
51.Bf1 Nf7 52.d7 Ke7 53.Bg2 g3 54.Bf1 Nd8 55.Bh3 Ne6+ 56.Bxe6 f1=Q 57.d8=Q+ Kxe6
58.Qd6+ Kf7 59.Qxg3 Qc4+ 60.Kxb6 Qxa4  1/2-1/2

[Event "3rd NH Chess Tournament"]
[Site "Amsterdam NED"]
[Date "2009.08.21"]
[Round "2"]
[White "Nakamura,Hi"]
[Black "Van Wely,L"]
[Result "1/2-1/2"]
[WhiteElo "2710"]
[BlackElo "2655"]

1.e4 c5 2.Nf3 d6 3.d4 cxd4 4.Nxd4 Nf6 5.Nc3 a6 6.h3 e6 7.g4 d5 8.exd5 Nxd5
9.Bd2 b5 10.Bg2 Bb7 11.O-O Nxc3 12.Bxc3 Bxg2 13.Kxg2 Qd5+ 14.Qf3 Qxf3+ 15.Nxf3 Nc6
16.Rfe1 b4 17.Bd2 Be7 18.Re4 O-O 19.c3 a5 20.Rc4 bxc3 21.Bxc3 Nb4 22.Ne5 Nd5
23.Nc6 Bf6 24.Bxf6 gxf6 25.a4 Rfc8 26.Rc5 Ra6 27.Rxd5 Rcxc6 28.Rb5 Rab6 29.Kf3 Kg7
30.Ke3 e5 31.Ra3 Rxb5 32.axb5 Rc4 33.Rxa5 Rb4 34.Kd3 Rxb2 35.Kc3 Rxf2 36.b6 Rf1
37.Rb5 Rc1+ 38.Kb4 e4 39.b7 e3 40.b8=Q e2 41.Rg5+ fxg5 42.Qe5+ Kf8 43.Qxe2 Rc6
44.Qe5 h6 45.Kb5 Re6 46.Qh8+ Ke7 47.Kc5 Ra6 48.Qc3 Re6 49.Kd5 Kf8 50.Qh8+ Ke7
51.Kd4 Rc6 52.Ke4 Ra6 53.Qc3 Re6+ 54.Kf5 Kf8 55.Qh8+ Ke7 56.Qg7 Ke8 57.h4 gxh4
58.Kf4 Ke7 59.Kf3 Rg6 60.Qh8 h3 61.Qb8 h2 62.Qb4+ Ke8 63.Kg2 h1=Q+ 64.Kxh1 Re6
65.Kg2 Rg6 66.Kh3 Re6 67.Kg3 Rg6 68.Kh4 Re6 69.Kh5 Rg6 70.Qe4+ Re6 71.Qa8+ Ke7
72.Qg8 Rc6 73.g5 hxg5 74.Qxg5+ Kf8 75.Qd8+ Kg7 76.Qd4+ Kg8 77.Qg4+ Rg6 78.Qxg6+ fxg6+
79.Kxg6  1/2-1/2

[Event "3rd NH Chess Tournament"]
[Site "Amsterdam NED"]
[Date "2009.08.23"]
[Round "4"]
[White "Nakamura,Hi"]
[Black "Nielsen,PH"]
[Result "1/2-1/2"]
[WhiteElo "2710"]
[BlackElo "2680"]

1.d4 d5 2.c4 e6 3.Nc3 Be7 4.e3 Nf6 5.cxd5 exd5 6.g3 O-O 7.Bg2 Re8 8.Nge2 Bf8
9.O-O c6 10.h3 h6 11.g4 h5 12.g5 Ne4 13.h4 Nd6 14.Ng3 g6 15.e4 dxe4 16.Ncxe4 Bg7
17.Bf4 Bg4 18.Qb3 Be6 19.Qb4 Nxe4 20.Nxe4 Qb6 21.Qxb6 axb6 22.Be5 Rd8 23.a3 Nd7
24.f4 Nxe5 25.dxe5 Bf8 26.Rfd1 Bb3 27.Rxd8 Rxd8 28.Kf2 Be7 29.Ke3 Kf8 30.Rc1 Be6
31.Bf3 Bf5 32.Rd1 Rxd1 33.Bxd1 Bxe4 34.Kxe4 Bc5 35.a4 Bf2 36.Be2 Bxh4 37.Bf1 Be1
38.Bh3 b5 39.axb5 cxb5 40.Bf1 b4 41.b3 Bd2  1/2-1/2

[Event "3rd NH Chess Tournament"]
[Site "Amsterdam NED"]
[Date "2009.08.26"]
[Round "6"]
[White "Nakamura,Hi"]
[Black "Ljubojevic,L"]
[Result "0-1"]
[WhiteElo "2710"]
[BlackElo "2553"]

1.e4 c5 2.Nf3 g6 3.d4 cxd4 4.Nxd4 Bg7 5.Nc3 Nc6 6.Be3 Nf6 7.Bc4 Qa5 8.Nb3 Qb4
9.Bd3 Nxe4 10.Bxe4 Bxc3+ 11.bxc3 Qxe4 12.O-O d6 13.Re1 Qg4 14.f3 Qh5 15.Qd2 Be6
16.Nd4 Nxd4 17.Bxd4 Rg8 18.a4 g5 19.Rab1 b6 20.h3 Qg6 21.a5 h5 22.axb6 axb6
23.Rxb6 g4 24.fxg4 hxg4 25.h4 Qh5 26.Qe2 Rc8 27.Reb1 Qxh4 28.Rb8 g3 29.Qb5+ Kf8
30.Qc6 Qg4 31.Rxc8+ Bxc8 32.Rf1 Rg6 33.Rf4 Qd7 34.Qe4 Kg8 35.Be3 e5 36.Rf1 f5
37.Qc4+ Qe6 38.Qc7 f4 39.Qd8+ Kg7 40.Ra1 Rf6 41.Bb6 Bb7 42.Ra7 Qd5 43.Qd7+ Kh6
44.Qh3+ Kg5 45.Ra1 Rf8 46.Be3 Kg6 47.c4 Qe4 48.Bb6 Kg5  0-1

[Event "3rd NH Chess Tournament"]
[Site "Amsterdam NED"]
[Date "2009.08.28"]
[Round "7"]
[White "Van Wely,L"]
[Black "Nakamura,Hi"]
[Result "1/2-1/2"]
[WhiteElo "2655"]
[BlackElo "2710"]

1.d4 g6 2.Nf3 Bg7 3.e4 d6 4.c4 c5 5.d5 Nf6 6.Bd3 b5 7.cxb5 a6 8.O-O O-O 9.Nc3 axb5
10.Bxb5 Ba6 11.Bxa6 Nxa6 12.Re1 Nd7 13.Bf4 c4 14.Qd2 Nb4 15.Bh6 Nd3 16.Re2 e5
17.dxe6 fxe6 18.Bxg7 Kxg7 19.Qe3 Qf6 20.Rd1 Rfb8 21.Rc2 Ra6 22.b3 cxb3 23.axb3 N3c5
24.Nd4 Nxb3 25.Ndb5 Qe7 26.Qg3 Rbb6 27.h4 Nbc5 28.Re2 Qf8 29.f3 e5 30.Nc7 Ra7
31.N7d5 Rb3 32.Rc2 Ne6 33.h5 Ndc5 34.Qg4 Nd4 35.Rf2 Nde6 36.f4 exf4 37.Nxf4 Nxf4
38.Rxf4 Rf7 39.Rxf7+ Qxf7 40.Nd5 Qe6 41.Qg5 h6 42.Qd8 Rb2 43.Rf1 Rxg2+ 44.Kxg2 Qxe4+
45.Kg3 Qe5+ 46.Nf4 g5 47.Kh3 Qe3+ 48.Kh2 gxf4 49.Rg1+ Kf7 50.Qg8+ Kf6 51.Rg6+ Ke5
52.Qe8+ Kd5 53.Qa8+ Kc4 54.Qa2+ Kb5 55.Rxd6 Qg3+ 56.Kh1 Qe1+ 57.Kh2 Qg3+
58.Kh1 Qe1+ 59.Kh2 Qg3+  1/2-1/2

[Event "3rd NH Chess Tournament"]
[Site "Amsterdam NED"]
[Date "2009.08.30"]
[Round "9"]
[White "Nielsen,PH"]
[Black "Nakamura,Hi"]
[Result "1/2-1/2"]
[WhiteElo "2680"]
[BlackElo "2710"]

1.Nf3 f5 2.g3 g6 3.Bg2 Bg7 4.d4 Nf6 5.O-O O-O 6.c4 d6 7.Nc3 c6 8.Qb3 Kh8
9.Rd1 Ne4 10.Be3 Nxc3 11.Qxc3 Nd7 12.Qa3 h6 13.c5 d5 14.Nh4 Kh7 15.f4 Nf6
16.Nf3 Bd7 17.Ne5 Be8 18.b4 Ne4 19.Qc1 e6 20.Bf3 Bf6 21.Bxe4 dxe4 22.h4 Qe7
23.Kg2 Rd8 24.a4 a6 25.Rh1 Qc7 26.Qc3 Rg8 27.Rag1 Rd5 28.Kf2 Qd8 29.Rh2 Rg7
30.a5 Kg8 31.Rgh1 Kf8 32.Kg2 Rg8 33.Kf2 Rg7 34.Kg2 Rg8 35.Kf2 Ke7 36.Qa1 Bg7
37.Kg2 Bf7 38.Kf2 Bf6 39.Kg2 Qf8 40.Kf2 Qg7 41.Rh3 Be8 42.Ke1 Kd8 43.Kf2 Kc8
44.R1h2 Bf7 45.Rh1 Rgd8 46.R3h2 Be8 47.Rh3 Kb8 48.R3h2 Ka7 49.Rh3 Qc7 50.R3h2 Bf7
51.Rh3 Rg8 52.R3h2 Be8 53.Rh3 Qd8 54.R3h2 g5 55.hxg5 hxg5 56.Rh6 gxf4 57.gxf4 Bxe5
58.dxe5 Bf7 59.Rg1 Qf8 60.Rh3 Rg4 61.Rxg4 fxg4 62.Rh1 Bg6 63.Kg3 Bf5 64.Rg1 Qd8
65.Qc1 Rd7 66.Rh1 Rf7 67.Qd2 Rd7 68.Qc1 Kb8 69.Qc2 Kc7 70.Qc1 Rg7 71.Qd2 Rd7
72.Qc1 Kb8 73.Qc2 Qc7 74.Qc1 Ka7 75.Rh4 Rd8 76.Rh1 Rd5 77.Qc2 Rd7 78.Qc1 Rh7
79.Rxh7 Qxh7 80.Qf1 Qd7 81.Qe1 Qd8 82.Qh1 Qd5 83.Qe1 Kb8 84.Qd2 Kc7 85.Qd4 Kd7
86.Kh4 Kc8 87.Qxd5 cxd5 88.c6 bxc6 89.Bc5 Kd7  1/2-1/2

[Event "USCL 2009"]
[Site "ICC INT"]
[Date "2009.10.14"]
[Round "7"]
[White "Nakamura,Hi"]
[Black "Becerra Rivero,J"]
[Result "1-0"]
[WhiteElo "2710"]
[BlackElo "2557"]

1.d4 d5 2.Nc3 Nf6 3.Bg5 Nbd7 4.f3 e6 5.e4 Be7 6.e5 Ng8 7.Be3 a6 8.Nce2 b6
9.Qd2 c5 10.c3 a5 11.a3 Ba6 12.h4 Bf8 13.h5 h6 14.f4 Ne7 15.Nf3 Qc7 16.g4 a4
17.Bh3 Nc6 18.f5 Be7 19.fxe6 fxe6 20.Qc2 Nf8 21.Nf4 Qd7 22.Kf2 Na5 23.Ng6 Rg8
24.Kg3 Nb3 25.Rae1 O-O-O 26.Nd2 Nxd2 27.Bxd2 Nxg6 28.Qxg6 Kb8 29.g5 Bc8 30.Bf1 Rdf8
31.Bd3 c4 32.Bb1 Qb5 33.Bc1 Bxg5 34.Bxg5 hxg5 35.Re2 Qd7 36.Qxg5 Qf7 37.Qg4 Qe7
38.Bh7 Rh8 39.Bg6 Kc7 40.Rf2 Rxf2 41.Kxf2 Bd7 42.Ke2 Kd8 43.Rf1 Rf8 44.Rg1 Be8
45.Kd1 Bxg6 46.Qxg6 Rf7 47.h6 gxh6 48.Qxh6 Kd7 49.Kc1 Rh7 50.Qd2 Qf7 51.Kb1 Qf3
52.Ka2 Qe4 53.Qf2 Qf5 54.Qxf5 exf5 55.Rg6 Ke7 56.Rxb6 Rh1 57.Rf6 Rf1 58.Rd6 f4
59.Rxd5 Ke6 60.Rd6+ Kf5 61.Rf6+ Kg4 62.e6 Re1 63.d5 Kg5 64.Rf7 Re5 65.e7  1-0

[Event "USCL 2009"]
[Site "ICC INT"]
[Date "2009.10.28"]
[Round "9"]
[White "Nakamura,Hi"]
[Black "Ramirez,Alej"]
[Result "1/2-1/2"]
[WhiteElo "2710"]
[BlackElo "2547"]

1.e4 Nf6 2.e5 Nd5 3.d4 d6 4.c4 Nb6 5.exd6 exd6 6.Bd3 Be7 7.Ne2 O-O 8.O-O Nc6
9.Nbc3 Re8 10.Be3 Nb4 11.b3 Nxd3 12.Qxd3 Bf6 13.Rad1 g6 14.a4 d5 15.c5 Bf5
16.Qd2 Nc8 17.Bh6 Ne7 18.h3 Be6 19.g4 Bh8 20.Qf4 Nc6 21.Qg3 Qd7 22.Bf4 Rac8
23.Rd2 a6 24.Rb1 b6 25.b4 bxc5 26.bxc5 Na5 27.Kh2 f5 28.g5 Bf7 29.Rdd1 Qc6
30.Ng1 Nc4 31.Nf3 Bg7 32.Re1 Re4 33.Nxe4 dxe4 34.Ne5 Bxe5 35.Bxe5 Nd2 36.Qc3 Nf3+
37.Kg3 Nxe1 38.Qxe1 Qxa4 39.Qc3 Bd5 40.c6 Qxc6 41.Qxc6 Bxc6 42.Rc1 Bd5 43.Ra1 Bc4
44.Rc1 Bd5 45.Ra1  1/2-1/2

[Event "BNbank Blitz KO"]
[Site "Oslo NOR"]
[Date "2009.11.28"]
[Round "2.2"]
[White "Nakamura,Hi"]
[Black "Nielsen,PH"]
[Result "0-1"]
[WhiteElo "2715"]
[BlackElo "2697"]

1.c4 e6 2.d4 d5 3.cxd5 exd5 4.Nc3 c6 5.g3 Nf6 6.Bg2 Be7 7.e3 O-O 8.Nge2 Re8
9.O-O Bf8 10.a3 a5 11.f3 c5 12.g4 Nc6 13.g5 Nh5 14.f4 Bg4 15.h3 Bxe2 16.Nxe2 cxd4
17.Nxd4 Nxd4 18.Qxd4 Ng3 19.Re1 Nf5 20.Qxd5 Qxd5 21.Bxd5 Bc5 22.Kf2 Rad8
23.Bxb7 Rd3 24.Ba6 Rd6 25.Bb5 Re7 26.b4 Bb6 27.bxa5 Bxa5 28.Re2 Bb6 29.a4 h5
30.a5 Ba7 31.Ba3 Rxe3 32.Rxe3 Bxe3+ 33.Kf3 Rd4 34.Bc1 Rxf4+ 35.Ke2 Rf2+ 36.Kd3  0-1

[Event "BNbank Blitz KO"]
[Site "Oslo NOR"]
[Date "2009.11.28"]
[Round "3.2"]
[White "Carlsen,M"]
[Black "Nakamura,Hi"]
[Result "0-1"]
[WhiteElo "2801"]
[BlackElo "2715"]

1.d4 Nf6 2.c4 e6 3.Nc3 Bb4 4.Qc2 O-O 5.a3 Bxc3+ 6.Qxc3 b6 7.Bg5 Bb7 8.Nf3 d6
9.Nd2 Nbd7 10.f3 h6 11.Bh4 c5 12.e4 Rc8 13.Bd3 Re8 14.O-O Rc7 15.Rad1 Qc8
16.d5 e5 17.Rfe1 Nh5 18.Nf1 Nf8 19.Ne3 Ng6 20.Bf2 Qd8 21.Bf1 Bc8 22.b4 Bd7
23.bxc5 Rxc5 24.Nf5 Rc7 25.Nxd6 Rf8 26.c5 bxc5 27.Rc1 Nhf4 28.Qa5 c4 29.Rxc4 Qg5
30.Kh1 Rxc4 31.Nxc4 f5 32.exf5 Bxf5 33.d6 Bd3 34.Bg3 Bxf1 35.Rxf1 Ne2 36.Bxe5 Ngf4
37.Bxf4 Qxf4 38.Qd5+ Kh8 39.d7 Qh4 40.Qd6 Rd8 41.Rd1 Nc3 42.Ne5 Kg8 43.Qe6+ Kh7
44.Qg6+ Kg8 45.Qe8+ Kh7 46.Qxd8 Qxd8 47.Nc6 Qb6 48.d8=Q Nxd1 49.Qxb6 axb6
50.Kg1 Nc3 51.Nd4 Kg6 52.Kf2 Kf6 53.Ke3 Ke5 54.Kd3 Nd5 55.Ne2 Kd6 56.Kd4 Nc7
57.Nc3 Ne6+ 58.Ke4 g6 59.Nb5+ Kc5 60.Ke5 Kxb5 61.Kxe6 Ka4 62.Kf6 Kxa3 63.Kxg6 b5
64.f4 b4 65.f5 b3 66.f6 b2 67.f7 b1=Q+ 68.Kxh6 Qf5 69.Kg7 Qg5+ 70.Kh7 Qf6
71.Kg8 Qg6+ 72.Kf8 Kb4 73.h4 Kc5 74.h5 Qxh5 75.g4 Qxg4 76.Ke7 Qg7  0-1

[Event "BNbank Blitz GpB"]
[Site "Oslo NOR"]
[Date "2009.11.28"]
[Round "3"]
[White "Johannessen,LE"]
[Black "Nakamura,Hi"]
[Result "0-1"]
[WhiteElo "2528"]
[BlackElo "2715"]

1.d4 d5 2.c4 dxc4 3.Nf3 Nf6 4.e3 e6 5.Bxc4 c5 6.O-O a6 7.Bd3 Nc6 8.a3 Qc7
9.Qe2 Bd6 10.dxc5 Bxc5 11.b4 Be7 12.Bb2 Bd7 13.Nbd2 Rd8 14.e4 O-O 15.Rac1 Qb8
16.Nc4 Bc8 17.Nb6 Nd7 18.Nxc8 Rxc8 19.Rfd1 Rfd8 20.e5 Nb6 21.h4 g6 22.h5 Bf8
23.hxg6 hxg6 24.Ng5 Bh6 25.Qg4 Nxe5 26.Rxc8 Nxg4 27.Rxb8 Rxb8 28.Ne4 Bg7
29.Bxg7 Kxg7 30.Nc5 Nf6 31.Be2 Nbd5 32.Bf3 g5 33.g3 Kf8 34.Bxd5 exd5 35.Re1 g4
36.Re5 d4 37.Rf5 b6 38.Rxf6 bxc5 39.bxc5 Ke7 40.Rd6 Rd8 41.Rb6 d3 42.Rb1 Ke6
43.Rd1 Rd4 44.Kf1 Kd5 45.Rc1 d2 46.Rd1 Kxc5 47.Ke2 Ra4 48.Rxd2 Rxa3 49.Rd7 Rf3
50.Rc7+ Kb6 51.Rc4 f5 52.Rb4+ Kc5 53.Rb8 a5 54.Rc8+ Kb4 55.Rb8+ Ka3  0-1

[Event "BNbank Blitz GpB"]
[Site "Oslo NOR"]
[Date "2009.11.28"]
[Round "4"]
[White "Stokke,K"]
[Black "Nakamura,Hi"]
[Result "0-1"]
[WhiteElo "2382"]
[BlackElo "2715"]

1.b3 c5 2.Bb2 Nc6 3.e4 e5 4.f4 g6 5.Nf3 d6 6.fxe5 Bg7 7.Bc4 dxe5 8.O-O h6
9.Bxf7+ Kxf7 10.Nxe5+ Ke8 11.Nxc6 Qc7 12.Ne5 Bxe5 13.Nc3 Bd4+ 14.Kh1 Be6
15.Nb5 Qd7 16.Nxd4 cxd4 17.c3 d3 18.Qf3  0-1

[Event "Chess Classic"]
[Site "London ENG"]
[Date "2009.12.10"]
[Round "3"]
[White "Nakamura,Hi"]
[Black "Short,N"]
[Result "1/2-1/2"]
[WhiteElo "2715"]
[BlackElo "2707"]

1.d4 Nf6 2.c4 e6 3.Nc3 Bb4 4.e3 b6 5.Ne2 Ne4 6.Bd2 Nxd2 7.Qxd2 Nc6 8.a3 Be7
9.Nf4 Bg5 10.b4 Bb7 11.d5 Ne5 12.Rc1 O-O 13.Be2 a5 14.O-O axb4 15.axb4 Bxf4
16.exf4 Ng6 17.Rfe1 c6 18.g3 cxd5 19.cxd5 Ne7 20.Bf3 Ra3 21.Be4 Qa8 22.Rcd1 h6
23.Qd4 Nxd5 24.Nxd5 Bxd5 25.Bxd5 Qxd5 26.Qxd5 exd5 27.Rxd5 Ra7 28.Rd6 Rb7
29.f5 f6 30.Red1 Rc8 31.Kg2 Rc4 32.R1d4 Rxd4 33.Rxd4 Rc7 34.Kf3 Rc2 35.h4 h5
36.Rd5 Rc4 37.Rb5 Rc6 38.Rd5 Rc4 39.b5 Rb4 40.Ke3 Kf8 41.Rxd7 Rxb5 42.Rb7 Rxf5
43.Rxb6  1/2-1/2

[Event "Corus A"]
[Site "Wijk aan Zee NED"]
[Date "2010.01.16"]
[Round "1"]
[White "Smeets,J"]
[Black "Nakamura,Hi"]
[Result "1/2-1/2"]
[WhiteElo "2657"]
[BlackElo "2708"]

1.e4 c5 2.Nf3 d6 3.d4 cxd4 4.Nxd4 Nf6 5.Nc3 a6 6.Bg5 e6 7.f4 Be7 8.Qf3 h6
9.Bh4 Qc7 10.O-O-O Nbd7 11.f5 e5 12.Nde2 b5 13.Bxf6 Nxf6 14.Nd5 Qc5 15.Nec3 Bb7
16.Nxf6+ Bxf6 17.Nd5 Rc8 18.c3 Bxd5 19.Rxd5 Qb6 20.Qd3 Rc6 21.a3 Ke7 22.Kb1 h5
23.Be2 h4 24.Bd1 Qf2 25.Qe2 Qxe2 26.Bxe2 Rb8 27.Rhd1 Bg5 28.Kc2 Bf4 29.h3 Be3
30.R1d3 Bf4 31.Rd1 Be3 32.R1d3 Bf4 33.Rf3 Rc5 34.Rfd3  1/2-1/2

[Event "Corus A"]
[Site "Wijk aan Zee NED"]
[Date "2010.01.17"]
[Round "2"]
[White "Nakamura,Hi"]
[Black "Van Wely,L"]
[Result "1-0"]
[WhiteElo "2708"]
[BlackElo "2641"]

1.e4 c5 2.Nf3 d6 3.d4 cxd4 4.Nxd4 Nf6 5.Nc3 a6 6.Bg5 e6 7.f4 Nbd7 8.Qf3 Qc7
9.Bxf6 Nxf6 10.g4 b5 11.g5 Nd7 12.O-O-O Nc5 13.a3 Rb8 14.b4 Nd7 15.Nd5 exd5
16.exd5 Be7 17.Re1 Ne5 18.fxe5 Bxg5+ 19.Kb1 dxe5 20.Nc6 Bf6 21.Bd3 h5 22.Rxe5+ Bxe5
23.Re1 Bg4 24.Qf4 O-O 25.Rxe5 g6 26.Qf6 Rbe8 27.Ne7+ Rxe7 28.Rxe7 Qxh2 29.Bxg6 Qh1+
30.Kb2 Qxd5 31.Bxf7+ Qxf7 32.Rxf7 Rxf7 33.Qxa6 Kg7 34.Qxb5 Kg6 35.Qc4 Rd7
36.b5 Kg5 37.b6 Bf3 38.Qb5+ Rd5 39.Qb3  1-0

[Event "Corus A"]
[Site "Wijk aan Zee NED"]
[Date "2010.01.18"]
[Round "3"]
[White "Short,N"]
[Black "Nakamura,Hi"]
[Result "0-1"]
[WhiteElo "2696"]
[BlackElo "2708"]

1.e4 c5 2.Nf3 d6 3.d4 cxd4 4.Nxd4 Nf6 5.Nc3 Nc6 6.Be2 e5 7.Nf3 h6 8.O-O Be6
9.b3 a6 10.Re1 Rc8 11.Bb2 Be7 12.Bf1 O-O 13.Nd5 Bg4 14.c4 Nxd5 15.exd5 Nb8
16.h3 Bh5 17.Be2 Nd7 18.Rc1 Bg6 19.b4 e4 20.Nd2 Qb6 21.a3 Bh4 22.c5 dxc5
23.Nc4 Qd8 24.Bh5 cxb4 25.Bxg6 fxg6 26.Rxe4 Bxf2+ 27.Kh1 b5 28.Ne5 Rxc1 29.Bxc1 Nxe5
30.Rxe5 Bg3 31.Re3 Bf4 32.Rd3 Bd6 33.axb4 Qf6 34.Be3 Qf1+ 35.Bg1 Rf4 36.g4 Qxd1
37.Rxd1 Rxb4 38.Re1 Rf4 39.Ra1 Ra4 40.Re1 b4 41.Re6 b3 42.Rxd6 Rb4 43.Rd8+ Kh7  0-1

[Event "Corus A"]
[Site "Wijk aan Zee NED"]
[Date "2010.01.21"]
[Round "5"]
[White "Nakamura,Hi"]
[Black "Carlsen,M"]
[Result "1/2-1/2"]
[WhiteElo "2708"]
[BlackElo "2810"]

1.e4 e5 2.Nf3 Nc6 3.Bb5 a6 4.Ba4 Nf6 5.Bxc6 dxc6 6.d3 Bd6 7.Nbd2 Be6 8.O-O O-O
9.b3 Nd7 10.Bb2 b5 11.d4 f6 12.h3 c5 13.d5 Bf7 14.a4 Nb6 15.c4 c6 16.Nh4 Re8
17.Nf5 Bf8 18.Qg4 Kh8 19.f4 exf4 20.Qxf4 bxc4 21.bxc4 cxd5 22.cxd5 Qb8 23.Qh4 Nxd5
24.Rab1 Qb4 25.Bc1 Qxa4 26.exd5 Qxh4 27.Nxh4 Bxd5 28.Ba3 Re3 29.Ra1 Rd3 30.Rfd1 a5
31.Nhf3 a4 32.Rdc1 Kg8 33.Kf2 c4 34.Bxf8 Kxf8 35.Nxc4 Rb3 36.Nfd2 Rb4 37.Ra3 Rc8
38.Rac3 Be6 39.Na3 Rd8 40.Nf3 Rb3 41.Rxb3 axb3 42.Rc6 Bd5 43.Rb6 Rc8 44.Nb5 Rc2+
45.Kg3 h5 46.Nbd4 Ra2 47.Ne6+ Kf7 48.Nf4 Be4 49.Rb4 h4+ 50.Kg4 b2 51.Nd2 Ba8
52.Nc4 g5 53.Rxb2 Rxb2 54.Nxb2 gxf4 55.Kxf4 Bxg2 56.Kg4 f5+ 57.Kxf5 Bxh3+
58.Kg5 Be6 59.Kxh4  1/2-1/2

[Event "Corus A"]
[Site "Wijk aan Zee NED"]
[Date "2010.01.22"]
[Round "6"]
[White "Ivanchuk,V"]
[Black "Nakamura,Hi"]
[Result "1/2-1/2"]
[WhiteElo "2749"]
[BlackElo "2708"]

1.d4 d5 2.c4 c6 3.Nf3 Nf6 4.Nc3 dxc4 5.a4 Bf5 6.Ne5 Nbd7 7.Nxc4 Qc7 8.g3 e5
9.dxe5 Nxe5 10.Bf4 Nfd7 11.Bg2 f6 12.O-O O-O-O 13.a5 Nc5 14.Qe1 Nb3 15.Ra4 Nc5
16.Ra1 Nb3  1/2-1/2

[Event "Corus A"]
[Site "Wijk aan Zee NED"]
[Date "2010.01.23"]
[Round "7"]
[White "Nakamura,Hi"]
[Black "Shirov,A"]
[Result "1-0"]
[WhiteElo "2708"]
[BlackElo "2723"]

1.e4 c5 2.Nf3 Nc6 3.d4 cxd4 4.Nxd4 Nf6 5.Nc3 e5 6.Ndb5 d6 7.Bg5 a6 8.Bxf6 gxf6
9.Na3 f5 10.Nc4 Nd4 11.exf5 Bxf5 12.Ne3 Bg6 13.Ncd5 Bh6 14.c3 Ne6 15.Bd3 Bxe3
16.Nxe3 Qb6 17.O-O Nf4 18.Be2 Rg8 19.Bf3 Nh3+ 20.Kh1 Nxf2+ 21.Rxf2 Qxe3 22.Bxb7 Rb8
23.Re2 Qb6 24.Bd5 Rg7 25.Qd2 f5 26.Rf1 Kd7 27.b4 f4 28.a4 a5 29.b5 Rd8 30.g3 fxg3
31.hxg3 Kc8 32.c4 Kb8 33.Rf6 Re7 34.Kh2 e4 35.Qc3 Rc8 36.Re3 Ka7 37.Bc6 Rd8
38.c5 dxc5 39.Bxe4 Rd6 40.Rxd6 Qxd6 41.Qxa5+  1-0

[Event "Corus A"]
[Site "Wijk aan Zee NED"]
[Date "2010.01.26"]
[Round "9"]
[White "Nakamura,Hi"]
[Black "Karjakin,Sergey"]
[Result "0-1"]
[WhiteElo "2708"]
[BlackElo "2720"]

1.d4 Nf6 2.c4 e6 3.Nc3 Bb4 4.Nf3 c5 5.g3 cxd4 6.Nxd4 Ne4 7.Qd3 Nxc3 8.bxc3 Be7
9.Bg2 O-O 10.O-O d6 11.Rd1 a6 12.Nb3 Qc7 13.Bf4 e5 14.Be3 Nd7 15.Nd2 f5 16.Rab1 Rb8
17.Ba7 Ra8 18.Be3 Rb8 19.Ba7 Ra8 20.Bd5+ Kh8 21.Qe3 Nf6 22.Bb6 Qd7 23.f4 Qe8
24.Nf3 Qh5 25.Kh1 Re8 26.Qg1 Nxd5 27.cxd5 Bf6 28.Qf2 Bd7 29.c4 Rac8 30.Rdc1 h6
31.e3 Re7 32.c5 exf4 33.gxf4 dxc5 34.Bxc5 Re4 35.Rxb7 Bb5 36.Qg2 Rc4 37.Rg1 Rc2
38.Qg3 Be2 39.Ne1 R2xc5 40.e4 fxe4 41.Rxg7 Bf3+ 42.Nxf3 Qxf3+ 43.Qxf3 exf3
44.R7g6 Bg7 45.Rxa6 Rc1 46.Rc6 Rxg1+ 47.Kxg1 Bd4+ 48.Kh1 Rb8  0-1

[Event "Corus A"]
[Site "Wijk aan Zee NED"]
[Date "2010.01.27"]
[Round "10"]
[White "Dominguez Perez,L"]
[Black "Nakamura,Hi"]
[Result "1/2-1/2"]
[WhiteElo "2712"]
[BlackElo "2708"]

1.e4 c5 2.Nf3 Nc6 3.d4 cxd4 4.Nxd4 g6 5.c4 Nf6 6.Nc3 Nxd4 7.Qxd4 d6 8.Be2 Bg7
9.Be3 O-O 10.Qd2 Qa5 11.O-O Be6 12.Rfc1 Rfc8 13.b3 a6 14.Rab1 b5 15.b4 Qd8
16.cxb5 axb5 17.Bxb5 Ra3 18.Nd5 Rxc1+ 19.Qxc1 Rxa2 20.Nxf6+ Bxf6 21.Bc4 Ra8
22.Bxe6 fxe6 23.b5 Qd7 24.b6 Kf7 25.Qd1 Rb8 26.Qf3 Ke8 27.Qg4 Kf7 28.Qf3 Ke8
29.Qg4 Kf7 30.Qd1 Qb7 31.Qd3 Rc8 32.h3 d5 33.Bd4 dxe4 34.Qe3 Bxd4 35.Qxd4 Rc6
36.Kh2 Rd6 37.Qh8 Rxb6 38.Qxh7+ Kf6 39.Qh8+ Kf7 40.Qh7+ Kf6 41.Re1 Qb8+ 42.g3 Rb2
43.Qh4+ Kf7 44.Qh7+ Kf6 45.Qh4+ Kf7 46.Kg2 Rb4 47.Qh7+ Kf6 48.Qh4+ Kf7 49.Qh7+ Kf6
50.Re3 Qf8 51.Qh4+ Kg7 52.Rxe4 Rxe4 53.Qxe4 Qf5 54.f3 Qf6 55.h4 e5 56.Kh3 Qe6+
57.Qg4 Qa6 58.Qe4 Qe6+ 59.g4 Qf6 60.Kg3 Qd6 61.Kg2 Qf6 62.Kh3 Qd6 63.Qe3 Qf6
64.h5 gxh5 65.gxh5 Qf5+ 66.Kh4 Kf6 67.Qh6+ Kf7 68.Qe3 Kf6 69.Qh6+ Kf7 70.Qe3  1/2-1/2

[Event "Dos Hermanas Blitz Final"]
[Site "ICC INT"]
[Date "2010.03.19"]
[Round "1.2"]
[White "Nakamura,Hi"]
[Black "Norowitz,Yaacov"]
[Result "1-0"]
[WhiteElo "2735"]
[BlackElo "2334"]

1.b3 Nf6 2.Bb2 g6 3.e4 d6 4.g3 Bg7 5.Bg2 O-O 6.d4 c5 7.dxc5 Qa5+ 8.Qd2 Qxc5
9.c4 Nc6 10.Nc3 Qd4 11.Qxd4 Nxd4 12.O-O-O Ne6 13.h3 a6 14.f4 Nh5 15.Nge2 Rb8
16.Nd5 Bxb2+ 17.Kxb2 Re8 18.g4 Nf6 19.Nxf6+ exf6 20.Rxd6 Nc5 21.Nc3 b5 22.cxb5 axb5
23.b4 Na4+ 24.Nxa4 bxa4 25.a3 Be6 26.Rhd1 Rbc8 27.R1d2 Kg7 28.Bf3 Rc7 29.Bd1 Bb3
30.Bxb3 axb3 31.R6d4 Rec8 32.R4d3 Rc4 33.Re2 Rc1 34.Rxb3 Rf1 35.Rc2 Rd8 36.b5 Rdd1
37.Kc3 Rf3+ 38.Kb4 Rxf4 39.Rc4 Rd8 40.a4 Re8 41.b6 Rexe4 42.Rxe4 Rxe4+ 43.Kc5  1-0

[Event "Dos Hermanas Blitz Final"]
[Site "ICC INT"]
[Date "2010.03.19"]
[Round "2.1"]
[White "Simonian,H"]
[Black "Nakamura,Hi"]
[Result "1/2-1/2"]
[WhiteElo "2521"]
[BlackElo "2735"]

1.e4 b6 2.d4 Bb7 3.Bd3 e6 4.Nf3 Nf6 5.Qe2 d5 6.e5 Nfd7 7.c3 c5 8.O-O Qc8
9.Be3 Ba6 10.Nbd2 Bxd3 11.Qxd3 Qa6 12.Qc2 Nc6 13.c4 cxd4 14.Nxd4 Nxd4 15.Bxd4 Rc8
16.Bc3 b5 17.cxb5 Qxb5 18.a4 Qa6 19.Nf3 Bb4 20.Qd2 Bxc3 21.bxc3 O-O 22.Ra3 Rc4
23.Nd4 Nxe5 24.f4 Nc6 25.f5 Nxd4 26.cxd4 Qb6 27.Rd3 e5 28.a5 Qf6 29.dxe5 Qxe5
30.Rxd5 Rc2 31.Rxe5 Rxd2 32.Rf2 Rd7 33.f6 g6 34.Rfe2 h5 35.Re7 Rd6 36.Rxa7 Rxf6
37.g3 Rc8 38.Kg2 Rc5 39.Ra2 Kg7 40.a6 Rcc6 41.Ra8 Rb6 42.h4 Rbc6 43.Ra7 Rb6
44.Ra8 Rbc6 45.Ra7 Rc3 46.Rb7 Rff3 47.a7 Rxg3+ 48.Kh2 Rh3+ 49.Kg2 Rcg3+ 50.Kf2 Rh2+
51.Kxg3 Rxa2 52.Kf4 Ra5 53.Kg3 Kf6 54.Rc7 Ke6 55.Rb7 Ra4 56.Kh3 f6 57.Rb6+ Ke5
58.Rb5+ Ke6 59.Rb6+ Ke7 60.Rb7+ Kd6 61.Rb6+  1/2-1/2

[Event "Dos Hermanas Blitz Final"]
[Site "ICC INT"]
[Date "2010.03.20"]
[Round "3.1"]
[White "Perez Ponsa,F"]
[Black "Nakamura,Hi"]
[Result "0-1"]
[WhiteElo "2390"]
[BlackElo "2735"]

1.e4 b6 2.d4 Bb7 3.Bd3 e6 4.Qe2 d5 5.exd5 Qxd5 6.Nf3 Nf6 7.Nc3 Bb4 8.Bd2 Bxc3
9.bxc3 Qh5 10.Ne5 Qxe2+ 11.Kxe2 Nbd7 12.Nxd7 Kxd7 13.f3 Rhc8 14.a4 c5 15.a5 c4
16.Be4 Bxe4 17.fxe4 Nxe4 18.Rhf1 f5 19.Rf3 b5 20.Bf4 a6 21.h3 g5 22.Be5 Rf8
23.Raf1 Kc6 24.g4 f4 25.h4 Ng3+ 26.Rxg3 fxg3 27.Rxf8 Rxf8 28.Bxg3 gxh4 29.Bxh4 Rf4  0-1

[Event "Dos Hermanas Blitz Final"]
[Site "ICC INT"]
[Date "2010.03.20"]
[Round "3.3"]
[White "Perez Ponsa,F"]
[Black "Nakamura,Hi"]
[Result "0-1"]
[WhiteElo "2390"]
[BlackElo "2735"]

1.e4 b6 2.d4 Bb7 3.Bd3 e6 4.Qe2 d5 5.Nd2 Nf6 6.Ngf3 c5 7.c3 cxd4 8.cxd4 Nc6
9.e5 Nd7 10.a3 a5 11.O-O Qc8 12.Nb1 Ba6 13.Nc3 Bxd3 14.Qxd3 Na7 15.Be3 Be7
16.Rac1 Qb7 17.Bg5 h6 18.Bxe7 Kxe7 19.a4 Rhc8 20.Nb5 Nxb5 21.axb5 Rxc1 22.Rxc1 Rc8
23.Qa3+ Ke8 24.Rc3 Rc7 25.Qd6 Rxc3 26.bxc3 Qc8 27.Qa3 Qc4 28.Qb2 a4 29.Nd2 Qe2
30.Qc1 a3 31.Nb3 a2 32.h3 Qxb5 33.Nd2 Qa4 34.Qa1 b5 35.Kh2 Qc2 36.Nf3 Qb1  0-1

[Event "Dos Hermanas Blitz Final"]
[Site "ICC INT"]
[Date "2010.03.20"]
[Round "3.2"]
[White "Nakamura,Hi"]
[Black "Perez Ponsa,F"]
[Result "1-0"]
[WhiteElo "2735"]
[BlackElo "2390"]

1.b3 Nf6 2.Bb2 g6 3.e4 Bg7 4.g3 O-O 5.Bg2 d5 6.e5 Ne4 7.d3 Nc5 8.Nd2 Nc6
9.d4 Na6 10.Ne2 f6 11.f4 Bg4 12.h3 Bxe2 13.Qxe2 fxe5 14.dxe5 e6 15.O-O Qe7
16.Nf3 Rad8 17.a3 Nc5 18.Nd2 a5 19.Kh2 Kh8 20.h4 d4 21.Rf3 Qd7 22.Rd1 d3
23.cxd3 Nxd3 24.Bc3 Nc5 25.Rff1 Qd3 26.Qxd3 Rxd3 27.Ne4 Rxd1 28.Rxd1 Nxb3
29.Rd7 Rc8 30.Bh3 Nd8 31.Re7 Bf8 32.Re8 Kg7 33.Bxe6 Nxe6 34.Rxc8 Bxa3 35.Ng5 Nxg5
36.Rxc7+ Kh6 37.hxg5+  1-0